000 00298nam a22001337a 4500
008 171019b xxu||||| |||| 00| 0 eng d
020 _a9780130669230
041 _aeng
080 _26TH
_a338
100 _a53
101 _aMEN
245 _aTHE MANAGER'S BOOKSHELF
_cPIERCE,J.L
942 _2udc
_cBK
999 _c34969
_d34969